000 01232nam a2200325 i 4500
001 000035772
003 DO-SdBNP
005 20260521073716.0
007 ta
008 100225s2011 dr abc 000 0 spa d
020 _a8484001792
040 _aDO-SdBNP
_bspa
_cBNPHU
_erda
041 _aspa
082 4 _a920.72
_bM671g 2011
_222
100 1 _aGalván, William,
_eautor
_4aut.
_91505
245 1 0 _aMinerva Mirabal :
_bhistoria de una heroína /
_cWilliam Galván ; prólogo, Mu-Kien Adriana Sang.
250 _aQuinta edición
264 4 _aSanto Domingo :
_bComisión Permanente de Efemérides Patria,
_c©2011.
300 _a349 páginas :
_biustraciones, mapas, retratos ;
_c21 cm.
336 _atexto
_btxt
_2rdacontent
337 _asin mediación
_bn
_2rdamedia
338 _avolumen
_bnc
_2rdacarrier
490 _aColección de la Comisión Permanente de Efemérides Patria
_v6
500 _aIncluye referencias bibliográficas y notas al pie de las páginas
590 _aInventariado, 2026/BT
600 1 4 _a Mirabal, Minerva,
_d1926-1960
_9919
650 4 _aMujeres en la política
_zRepública Dominicana
_96586
700 1 _aSang, Mu-Kien A.
_d1955-
_q(Mu-Kien Adriana)
_eprologuista
_4pr.
_9331
942 _2ddc
_cLBS1
999 _c35263
_d35263